Statistics for 1998 FIFA World Cup Results

Click here to take the quiz!

General Stats

  • This quiz has been taken 290 times
    (248 since last reset)
  • The average score is 26 of 32

Answer Stats

Nation % Correct
Brazil
96%
France
96%
Argentina
92%
Italy
92%
Germany
92%
England
89%
United States
89%
Croatia
88%
Mexico
88%
Denmark
85%
Nigeria
85%
Netherlands
85%
Japan
85%
Spain
84%
South Korea
82%
Chile
81%
Scotland
80%
Paraguay
80%
Colombia
78%
Morocco
77%
Iran
77%
Cameroon
77%
Norway
76%
Belgium
74%
Saudi Arabia
74%
South Africa
72%
Bulgaria
70%
Romania
69%
Jamaica
69%
FR Yugoslavia
64%
Tunisia
64%
Austria
62%

Score Distribution

Percentile by Number Answered

Percent of People with Each Score

Your Score History

You have not taken this quiz since the last reset